[Event "GER-ch U08"]
[Site "Willingen"]
[Date "2023.06.02"]
[Round "5"]
[White "Mukazhanov, Arslan"]
[Black "Grimm, Jakob"]
[Result "0-1"]
[WhiteElo "779"]
[BlackElo "1272"]
[PlyCount "134"]
[EventDate "2023.05.30"]
[EventType "swiss"]
[EventRounds "7"]
[EventCountry "GER"]
[SourceTitle "CBM 214 Extra"]
[Source "ChessBase"]
[SourceDate "2023.07.31"]
[SourceVersion "1"]
[SourceVersionDate "2023.07.31"]
[SourceQuality "1"]

1. e4 e5 2. Nf3 Nc6 3. Bb5 a6 4. Bxc6 dxc6 5. 0-0 Bd6 6. Nc3 c5 7. d3 Ne7 8. Bg5 c6 9. Bxe7 Qxe7 10. Re1 0-0 11. a3 a5 12. b4 cxb4 13. axb4 Bxb4 14. Qd2 Qc5 15. Na4 Bxd2 16. Nxc5 Bxe1 17. Rxe1 f6 18. d4 exd4 19. Nxd4 Re8 20. f4 f5 21. e5 b6 22. Nd3 c5 23. Nb5 Re7 24. h3 Ba6 25. Nd6 Bxd3 26. cxd3 g6 27. g4 Rf8 28. gxf5 gxf5 29. Re2 Re6 30. Kf2 Kg7 31. Kf3 a4 32. Nb5 Rd8 33. Ke3 Ra8 34. Nc7 Ree8 35. Rg2+ Kh6 36. Nxe8 Rxe8 37. Ra2 Ra8 38. d4 cxd4+ 39. Kxd4 Kg6 40. Kd5 Kf7 41. Kd6 a3 42. e6+ Kf6 43. e7 Kf7 44. Kd7 Ra7+ 45. Kc6 Kxe7 46. Kxb6 Ra4 47. Re2+ Kf6 48. Ra2 Rxf4 49. Rxa3 Kg5 50. Rg3+ Kh4 51. Rg7 h5 52. Kc6 Kxh3 53. Kd5 h4 54. Ke5 Rg4 55. Rh7 f4 56. Ke4 Kg3 57. Kd3 Kg2 58. Ke2 h3 59. Rh8 h2 60. Rxh2+ Kxh2 61. Kf3 Rh4 62. Kf2 Rh3 63. Kf1 Ra3 64. Kf2 f3 65. Kf1 Kg3 66. Ke1 Kg2 67. Kd2 f2 0-1